LEADER 00876nam0-2200313---450- 001 990008171480403321 005 20050726161852.0 010 $a0-415-06794-4 035 $a000817148 035 $aFED01000817148 035 $a(Aleph)000817148FED01 035 $a000817148 100 $a20050726d1998----km-y0itay50------ba 101 0 $aeng 102 $aGB 105 $aa---a---001yy 200 1 $aPerikles and his circle$fAntony J.Podlecki 210 $aLondon$aNew York$cRoutledge$d1998 215 $aXV,248 p.$cill.$d24 cm 610 0 $aPericle$aAtene$aStoria$aSec.V a.C. 676 $a938.504092 700 1$aPodlecki,$bAnthony J.$0206741 801 0$aIT$bUNINA$c20050726$gRICA$2UNIMARC 901 $aBK 912 $a990008171480403321 952 $a938.50 POD 1$bBibl.46455$fFLFBC 959 $aFLFBC 996 $aPerikles and his circle$9735903 997 $aUNINA LEADER 03017cam1-22006011i-450- 001 990004324880403321 005 20130227123317.0 010 $a88-02-04602-6$bvv. 1. e 2. 010 $a88-02-05334-0$bv. 3. 010 $a88-02-04941-6$bv. 4. 010 $a88-02-04725-1$bv. 5. 010 $a88-02-05316-2$bv. 6. 035 $a000432488 035 $aFED01000432488 035 $a(Aleph)000432488FED01 035 $a000432488 100 $a19990604g19921998km-y0itay50------ba 101 2 $agrc$cita 102 $aIT 105 $aacfha---001cc 200 1 $aVite$fdi Plutarco 210 $aTorino$cUTET$d©1992-1998 215 $a6 v. (877 p., [8] c. di tav.; 731 p., [8] c. di tav.; 908 p., [5] c. di tav.; 636 p., [8] c. di tav.; 1009 p., [8] c. di tav.; 864 p., [7] c. di tav.)$cill. in b. e n.$d24 cm 225 1 $aClassici greci 327 1 $a1.: Teseo e Romolo, Solone e Publicola, Temistocle e Camillo, Aristide e Catone, Cimone e Lucullo / introduzione di Adelmo Barigazzi ; a cura di Antonio Traglia. - c1992$a2.: Pericle e Fabio Massimo, Nicia e Crasso, Alcibiade e Gaio Marcio, Demostene e Cicerone / a cura di Domenico Magnino. - c1992$a3.: Focione e Catone, Dione e Bruto, Emilio e Timoleonte, Sertorio ed Eumene / a cura di Maria Luisa Amerio e Domenica Paola Orsi. - c1998$a4.: Filopemene e Tito Quinzio Flaminino, Pelopida e Marcello, Alessandro e Cesare / a cura di Domenico Magnino. - c1996$a5.: Demetrio e Antonio, Pirro e Mario, Arato, Artaserse, Agide e Cleomene e Tiberio e Gaio Gracco / a cura di Gabriele Marasco. - c1994$a6.: Licurgo e Numa, Lisandro e Silla, Agesilao e Pompeo, Galba e Otone / a cura di Angelo Meriani e Rosa Giannattasio Andria. - c1998 500 10$aVitae parallelae$m$914695 610 0 $aPlutarco$aVite parallele 610 0 $aStoria antica$aBiografie 676 $a880.01$v19$zita 700 0$aPlutarchus$f$0158213 702 1$aAmerio,$bMaria Luisa 702 1$aBarigazzi,$bAdelmo 702 1$aGiannattasio Andria,$bRosa 702 1$aMagnino,$bDomenico 702 1$aMarasco,$bGabriele 702 1$aMeriani,$bAngelo 702 1$aOrsi,$bDomenica Paola 702 1$aTraglia,$bAntonio$f<1905-1991> 801 0$aIT$bUNINA$gRICA$2UNIMARC 901 $aBK 912 $a990004324880403321 952 $aP2B-600-UTET-PLUTAR.-481A (1)-1992$bBibl. 48721$fFLFBC 952 $aP2B-600-UTET-PLUTAR.-481A (2)-1992$bBibl. 48720$fFLFBC 952 $aP2B-600-UTET-PLUTAR.-481A (3)-1998$bBibl.28373$fFLFBC 952 $aP2B-600-UTET-PLUTAR.-481A (4)-1996$bBibl.28373$fFLFBC 952 $aP2B-600-UTET-PLUTAR.-481A (5)-1994$bBibl. 48823$fFLFBC 952 $aP2B-600-UTET-PLUTAR.-481A (6)-1998$bBibl.28373$fFLFBC 952 $aDDR-Fonti II- Plutarchus Ed.1.5A Vitae Parallelae (1)$b2052(1) ddr$fDDR$m21-8507 952 $aDDR-Fonti II- Plutarchus Ed.1.5A Vitae Parallelae (2)$b2052(2) ddr$fDDR$m21-8508 959 $aFLFBC 959 $aDDR 996 $aVitae Parallelae$914695 997 $aUNINA LEADER 02316nam0 2200493 i 450 001 VAN00114017 005 20240806100750.442 017 70$2N$a9788132225560 100 $a20180124d2015 |0itac50 ba 101 $aeng 102 $aIN 105 $a|||| ||||| 200 1 $aˆAn ‰introduction to dynamical systems and chaos$fG. C. Layek 210 $aNew Delhi$cSpringer$d2015 215 $aXVIII, 622 p.$cill.$d24 cm 500 1$3VAN00234852$aˆAn ‰introduction to dynamical systems and chaos$91522902 606 $a34-XX$xOrdinary differential equations [MSC 2020]$3VANC021251$2MF 606 $a34C28$xComplex behavior and chaotic systems of ordinary differential equation [MSC 2020]$3VANC031513$2MF 606 $a34D20$xStability of solutions to ordinary differential equation [MSC 2020]$3VANC022916$2MF 606 $a34D45$xAttractors of solutions to ordinary differential equation [MSC 2020]$3VANC029271$2MF 606 $a37-XX$xDynamical systems and ergodic theory [MSC 2020]$3VANC020363$2MF 606 $a37C75$xStability theory for smooth dynamical systems [MSC 2020]$3VANC029245$2MF 606 $a37D45$xStrange attractors, chaotic dynamics of systems with hyperbolic behavior [MSC 2020]$3VANC021187$2MF 610 $aBifurcation theory$9KW:K 610 $aChaos theory$9KW:K 610 $aConjugacy$9KW:K 610 $aFlows$9KW:K 610 $aFractals$9KW:K 610 $aHamiltonian Flows$9KW:K 610 $aLie Symmetry Analysis$9KW:K 610 $aOscillations$9KW:K 610 $aPhase Plane Analysis$9KW:K 610 $aStability theory$9KW:K 620 $aIN$dNew Delhi$3VANL001098 700 1$aLayek$bGorachand C.$3VANV088114$0755728 712 $aSpringer $3VANV108073$4650 801 $aIT$bSOL$c20250321$gRICA 856 4 $uhttp://dx.doi.org/10.1007/978-81-322-2556-0$zE-book ? Accesso al full-text attraverso riconoscimento IP di Ateneo, proxy e/o Shibboleth 899 $aBIBLIOTECA DEL DIPARTIMENTO DI MATEMATICA E FISICA$1IT-CE0120$2VAN08 912 $fN 912 $aVAN00114017 950 $aBIBLIOTECA DEL DIPARTIMENTO DI MATEMATICA E FISICA$d08DLOAD e-book 0078 $e08eMF78 20180124 996 $aIntroduction to dynamical systems and chaos$91522902 997 $aUNICAMPANIA